| 000 | 00995nam a2200289 a 4500 | ||
|---|---|---|---|
| 999 |
_c532275 _d532275 |
||
| 001 | 3424525 | ||
| 003 | NUST | ||
| 005 | 20191115115450.0 | ||
| 008 | 900906s1989 gaua 001 0 eng | ||
| 010 | _a 90192216 | ||
| 038 | _aMSOHAIL | ||
| 040 |
_aDLC _cDLC |
||
| 050 | 0 | 0 |
_aHC79.C3 _bL54 1989 |
| 082 | _a0 | ||
| 245 | 0 | 0 | _aLifecycle solutions for infrastructure management. |
| 260 |
_aAtlanta : _bMcDonnell Douglas, _c[1989?] |
||
| 300 |
_a1 v. (various pagings) : _bill. (some col.) ; _c28 cm. |
||
| 500 | _aCover title. | ||
| 500 | _aIncludes index. | ||
| 650 | 0 |
_aInfrastructure (Economics) _xManagement _xData processing. _925654 |
|
| 650 | 0 |
_aPublic works _xManagement _xData processing. _925655 |
|
| 710 | 2 |
_aMcDonnell Douglas Corporation. _925656 |
|
| 740 | 0 | _aLife cycle solutions for infrastructure management. | |
| 906 |
_a7 _bcbc _corignew _d2 _encip _f19 _gy-gencatlg |
||
| 942 |
_2ddc _cBK |
||